000 01560cam a2200337 a 4500
001 11296771
003 ARRUPE
005 20160303113908.0
008 070116s2007 miuab b 001 0beng
010 _a 2007001798
020 _a9781587432026 (pbk.)
020 _a1587432021 (pbk.)
024 _a99962197352
035 _a(OCoLC)ocm79256765
035 _a(OCoLC)79256765
035 _a(NNC)11296771
040 _aDLC
_cDLC
_dBAKER
_dBTCTA
_dC#P
_dYDXCP
050 0 0 _aBT301.3
_b.N48 2007
082 0 0 _a232.9/01
_aB
_222
100 1 _aYoder Neufeld, Thomas R.,
_d1947-
_922631
245 1 0 _aRecovering Jesus :
_bthe witness of the New Testament /
_cThomas R. Yoder Neufeld.
260 _aGrand Rapids, Mich. :
_bBrazos Press,
_cc2007.
300 _a336 p. :
_bill., map ;
_c23 cm.
504 _aIncludes bibliographical references and index.
505 0 _aOne Jesus or many Jesuses? -- Development of Jesus traditions : digging through the layers -- One Jesus--four Gospels -- Jesus's world -- Birth of Jesus -- Kingdom of God : what? where? when? -- Announcing the kingdom : John, baptism, testing, and the twelve -- Teaching the kingdom : parables -- Enacting the kingdom : healing, exorcism, and food -- Living the kingdom : seek first the kingdom and its justice! -- Death of Jesus -- Resurrection of Jesus -- Jesus--Christ and Lord.
600 0 0 _aJesus Christ
_vBiography.
_915651
630 0 0 _aBible.
_pNew Testament
_xCriticism, interpretation, etc.
_922632
942 _2lcc
_cMONOGRAPH
948 1 _a20150415
_bc
_csl13
_dMPS
999 _c124269
_d124269